Paroles Mr. Sun - Tip Stevens - Statistiques

Statistiques générales
  • Ce quiz a été pris 44 fois
  • Le résultat moyen est 229 sur 279
Statistiques - réponses
Lyrics % Correct
a
100%
Mr.
100%
Sun
100%
you
100%
you,
100%
be
96%
go
96%
have
96%
Hey,
96%
Hey
96%
I
96%
It
96%
know,
96%
know
96%
light
96%
me
96%
me,
96%
on,
96%
on
96%
Tell
96%
the
96%
to
96%
when
96%
When
96%
why,
96%
why
96%
your
96%
an
93%
It's
93%
it's
93%
keep,
93%
keep
93%
Keep
93%
Mr.
93%
my
93%
were
93%
And
89%
and
89%
around
89%
can't
89%
Can't
89%
down
89%
more
89%
so
89%
up
89%
up,
89%
you're
89%
for
81%
had
81%
I'm
81%
stay
81%
too
81%
woke
81%
bit
78%
I'd
78%
I'll
78%
say
78%
day
74%
gone
74%
Just
74%
like
74%
long
74%
own
74%
sorry,
74%
sorry
74%
Still
74%
all
70%
alone
70%
are
70%
fun
70%
won't
70%
cause
67%
must
67%
She
67%
she
67%
see
63%
some
63%
then
63%
would
63%
beautiful
59%
but
59%
carry
59%
come
59%
if
59%
she's
59%
sleep,
59%
slept
59%
someone
59%
Her
56%
met
56%
back
52%
best
52%
even
52%
fast
52%
hurry
52%
left
52%
than
52%
you'll
52%
try
48%
waffles
48%
warm,
48%
breakfast
44%
expect
44%
Hope
44%
hot
44%
ones
44%
Well
44%
at
41%
chair
41%
cold
41%
empty
41%
follow
41%
makes
41%
nights
41%
There'll
41%
again
37%
bold
37%
both
37%
keeps
37%
miss
37%
mommy
37%
remember
37%
awake
33%
from
33%
faces
30%
shy
30%
different
26%
feels
22%
wears
22%
range
19%
stares
19%
Aucun quiz correspondant
Distribution des résultats
% des personnes avec chaque résultat
Percentile par nombre de réponses
Votre historique - résultats
Vous n’avez pas pris ce quiz